Gares du Val de Marne - Statistiques

Statistiques générales
  • Ce quiz a été pris 189 fois
  • Le résultat moyen est 23 sur 34
Statistiques - réponses
Nombre de voyageurs Gares % Correct
2 762 895 Saint Maur - Créteil
95%
6 823 684 Créteil Pompadour
86%
5 523 693 Vincennes
86%
2 494 663 Les Boullereaux - Champigny
83%
3 212 846 Nogent - Le Perreux
83%
2 833 616 Champigny
82%
2 197 101 Boissy Saint Léger
80%
3 034 093 Joinville Le Pont
80%
1 993 503 Sucy - Bonneuil
79%
11 637 929 Choisy le Roi
78%
2 121 720 Fontenay Sous Bois
78%
11 974 756 Maisons Alfort - Alfortville
78%
1 162 466 Villeneuve Triage
78%
4 370 022 Ivry sur Seine
77%
4 012 166 Vitry sur Seine
76%
27 599 598 Val de Fontenay
73%
15 726 701 Villeneuve Saint Georges
69%
1 617 366 Le Parc de Saint Maur
66%
2 358 276 Nogent sur Marne
66%
2 620 746 Arcueil - Cachan
65%
1 552 324 La Varenne - Chenevières
65%
1 280 926 Ablon
60%
2 276 058 Les Ardoines
60%
678 863 Rungis La Fraternelle
60%
1 385 566 Villeneuve le Roi
60%
1 521 999 Gentilly
59%
1 925 748 Bry sur Marne
58%
2 691 715 Le Vert de Maisons
56%
601 603 Pont de Rungis - Aéroport d'Orly
55%
8 193 562 Villiers sur Marne - Le Plessis Trévise
54%
2 414 948 Laplace
51%
1 584 153 Orly Ville
51%
1 096 211 Les Saules
50%
1 742 783 Bagneux
47%
Aucun quiz correspondant
Distribution des résultats
% des personnes avec chaque résultat
Percentile par nombre de réponses
Votre historique - résultats
Vous n’avez pas pris ce quiz